The gift of Dark Hollow #2 / Kieran Larwood ; ... Read More
Available copies
- 0 of 1 copy available at LARL/NWRL Consortium.
Current holds
0 current holds with 1 total copy.
Show All Copies
| Location | Call Number / Copy Notes | Barcode | Shelving Location | Status | Due Date |
|---|---|---|---|---|---|
Record details
- ISBN: 9781328696014
- ISBN: 1328696014
- Physical Description: 262 pages ; 21 cm
- Edition: First US edition.
- Publisher: Boston ; Clarion Books, Houghton Mifflin Harcourt, 2018.
- Copyright: ©2017
Content descriptions
| General Note: | Originally published in the United Kingdom by Faber and Faber in 2017. |
| Summary, etc.: | In a fantasy world of anthropomorphic rabbits, an ... Read More |
Search for related items by subject
| Genre: | Fiction. Juvenile works. |
Search for related items by series
| LDR | 02214cam a22005418i 4500 | ||
|---|---|---|---|
| 001 | 295278 | ||
| 003 | LARL_NWRL_CONSORTIUM | ||
| 005 | 20180816135844.0 | ||
| 008 | 171030t20182017mau c 000 1 eng | ||
| 010 | . | ‡a 2017045330 | |
| 020 | . | ‡a9781328696014 | |
| 020 | . | ‡a1328696014 | |
| 035 | . | ‡a(OCoLC)1010543080 | |
| 040 | . | ‡aDLC ‡beng ‡erda ‡cDLC ‡dTXC ‡dOCLCO ‡dTXMLI ‡dOCLCA ‡dOCLCF | |
| 042 | . | ‡apcc ‡alcac | |
| 082 | 0 | 0. | ‡a[Fic] ‡223 |
| 100 | 1 | . | ‡aLarwood, Kieran, ‡eauthor. ‡0(LARL_NWRL_CONSORTIUM)224838 |
| 245 | 1 | 4. | ‡aThe gift of Dark Hollow ‡n#2 / ‡cKieran Larwood ; illustrations by David Wyatt. |
| 250 | . | ‡aFirst US edition. | |
| 264 | 1. | ‡aBoston ; ‡aNew York : ‡bClarion Books, Houghton Mifflin Harcourt, ‡c2018. | |
| 264 | 4. | ‡c©2017 | |
| 300 | . | ‡a262 pages ; ‡c21 cm | |
| 336 | . | ‡atext ‡btxt ‡2rdacontent | |
| 337 | . | ‡aunmediated ‡bn ‡2rdamedia | |
| 338 | . | ‡avolume ‡bnc ‡2rdacarrier | |
| 490 | 0 | . | ‡aLongburrow ; ‡v2 |
| 500 | . | ‡aOriginally published in the United Kingdom by Faber and Faber in 2017. | |
| 520 | . | ‡aIn a fantasy world of anthropomorphic rabbits, an unnamed bard entertains his young companion Rue with the story of Podkin, who, after finding a new Gift, is able to jump in and out of shadows and, with his siblings Paz and Pook, leads a mission to acquire the hammer of Applecross which will help them defeat the Gorm rampaging across the Five Realms. | |
| 650 | 0. | ‡aRabbits ‡vJuvenile fiction. ‡0(LARL_NWRL_CONSORTIUM)166996 | |
| 650 | 0. | ‡aBrothers and sisters ‡vJuvenile fiction. ‡0(LARL_NWRL_CONSORTIUM)163775 | |
| 650 | 0. | ‡aAdventure stories. ‡0(LARL_NWRL_CONSORTIUM)12829 | |
| 650 | 0. | ‡aFantasy. ‡0(LARL_NWRL_CONSORTIUM)19981 | |
| 650 | 1. | ‡aFantasy. ‡0(LARL_NWRL_CONSORTIUM)19981 | |
| 650 | 1. | ‡aAdventure and adventurers ‡vFiction. ‡0(LARL_NWRL_CONSORTIUM)175858 | |
| 650 | 4. | ‡abrothers and sisters ‡yfiction. | |
| 650 | 4. | ‡aRabbits ‡vFiction. | |
| 650 | 7. | ‡aAdventure stories. ‡2fast ‡0(LARL_NWRL_CONSORTIUM)12829 | |
| 650 | 7. | ‡aBrothers and sisters. ‡2fast ‡0(LARL_NWRL_CONSORTIUM)15444 | |
| 650 | 7. | ‡aFantasy. ‡2fast ‡0(LARL_NWRL_CONSORTIUM)19981 | |
| 650 | 7. | ‡aRabbits. ‡2fast ‡0(LARL_NWRL_CONSORTIUM)29253 | |
| 655 | 7. | ‡aFiction. ‡2fast | |
| 655 | 7. | ‡aJuvenile works. ‡2fast | |
| 700 | 1 | . | ‡aWyatt, David, ‡d1968- ‡eillustrator. ‡0(LARL_NWRL_CONSORTIUM)187662 |
| 901 | . | ‡a295278 ‡b ‡c295278 ‡tbiblio | |

Add to basket
Permalink
Disable Highlighting